| Поле | Инд. | ПП | Название | Значение |
|---|---|---|---|---|
| Тип записи | a | |||
| Библиографический уровень | m | |||
| 001 | Контрольный номер | 1b8502a0-cc0f-4656-a19c-98b89169c72b | ||
| 005 | Дата корректировки | 20180409143601.2 | ||
| 008 | Кодируемые данные | 040505 | ||
| 020 | c | Цена, тираж | б/ц | |
| 040 | a | Служба первич. каталог. | НБ ТвГУ | |
| 041 | a | Код языка текста | rus | |
| 080 | a | Индекс УДК | 801.316.6(043.3) | |
| a | Индекс УДК | 808.2-316.6(043.3) | ||
| 084 | a | Индекс другой классификации/Индекс ББК | Ш103.3я031 | |
| a | Индекс другой классификации/Индекс ББК | Ш141.12-33я031 | ||
| 090 | x | Авторский знак | М69 | |
| a | Полочн. индекс | Ш103.3 | ||
| 100 | 1_ | a | Автор | Михайлова Светлана Евгеньевна |
| 245 | 10 | a | Заглавие | Особенности понимания крылатых слов современными носителями языка |
| b | Продолж. заглавия | Автореф. дис. ... канд. филол. наук : 10.02.19 | ||
| c | Ответственность | Твер. гос. ун-. Каф. англ. яз. | ||
| 260 | 0_ | a | Место издания | Тверь |
| c | Дата издания | 2003 | ||
| b | Издательство | Андреев Софт плюс | ||
| 300 | a | Объем | 18 с. | |
| b | Иллюстрации/ тип воспроизводства | ил. | ||
| 500 | a | Примечание | На правах рукоп. | |
| 504 | a | Библиография | Библиогр.: с.18. | |
| 583 | a | Действие | Получение впервые 194 29.04.2004 | |
| 650 | a | Основная рубрика | Языкознание | |
| 650 | a | Основная рубрика | Русский язык | |
| x | Основная подрубрика | Фразеология | ||
| 650 | a | Основная рубрика | Средства массовой информации | |
| x | Основная подрубрика | Крылатые слова | ||
| 653 | a | Ключевые слова | Авторефераты | |
| a | Ключевые слова | Крылатые слова в СМИ | ||
| a | Ключевые слова | Русский язык | ||
| a | Ключевые слова | Средства массовой информации | ||
| a | Ключевые слова | Труды Тверского государственного университета | ||
| a | Ключевые слова | Фразеология | ||
| a | Ключевые слова | Языкознание | ||
| 710 | a | Организация/ юрисдикция | Тверской государственный университет | |
| 852 | t | Порядковый номер экземпляра | 2 | |
| p | Инвентарный номер | б/н | ||
| 856 | u | URL | http://eprints.tversu.ru/1778/ | |
| x | Примечание для ЭОР | Реестр суммарного учета сетевых локальных документов | ||
| 888 | a | Бесплатные | ||
| 930 | a | Новая/Ретро | авторефераты | |
| a | Новая/Ретро | полный текст | ||
| 952 | p | 194.2004 б/ц 2 б/н | ||
| c | Вид литературы | А/Р н | ||
| 954 | a | Дата поступления на обработку | 20040517 | |
| 999 | a | Подразделение 2 | ч.з. |